| 000 | 00686nam a22002177a 4500 | ||
|---|---|---|---|
| 999 |
_c9720 _d9720 |
||
| 003 | AR-CdUCM | ||
| 008 | 190328b ||||| |||| 00| 0 spa d | ||
| 040 |
_aMUNICIPALIDAD PROVINCIAL DEL CUSCO _cBIBLIOTECA MUNICIPAL DEL CUSCO |
||
| 082 |
_a863.4 / _bS84E / 1945 |
||
| 100 |
_aStubbs, Ricardo Walter _914088 |
||
| 245 | _aEl quinto jinete / | ||
| 260 |
_aLima : _bPublicidad Americana, _c1944. |
||
| 300 |
_a111 páginas ; _c20 cm. |
||
| 500 | _aCon dedicatoria a Luis Nieto -- Donación de la familia Nieto | ||
| 505 | _aContenido : Poesía | ||
| 650 |
_aPoesía peruana _911982 |
||
| 650 |
_aLiteratura _9416 |
||
| 650 |
_aPerú _92178 |
||
| 942 |
_2ddc _cLIBROS |
||
| 945 | _admma | ||